Co to za flaga#7 - Statystyki

Ogólne statystyki
  • Ten quiz został rozwiązany 15 razy
  • Średni wynik to 14 z 20
Statystyki odpowiedzi
Obrazkowy Odpowiedź % Poprawnych
Belgia
100%
Irlandia
100%
Egipt
93%
Japonia
93%
Angola
79%
Senegal
79%
Syria
79%
Burkina Faso
71%
Jemen
71%
Kongo
71%
Surinam
71%
Boliwia
64%
Palau
64%
Tanzania
64%
Uganda
64%
Salwador
57%
Sudan
57%
Sudan Południowy
50%
Vanuatu
50%
Wyspy Salomona
36%
Nie znaleziono quizów pasujących do podanych kryteriów
Rozkład punktacji
Procent ludzi z każdym wynikiem
Percentyl według liczby udzielonych odpowiedzi
Twoja historia wyników
Nie rozwiązałeś tego quizu